000
00282nam a22001217a 4500
020
_a
0-471-51835-2
082
_a
621.382 LAT'S
100
_a
LATHI, B. P
_9
734
245
_a
SIGNAL SYSTEM AND COMMUNICATION
260
_a
NEWYORK
_b
JOHN WILEY
_c
1965
300
_a
607P
942
_c
BK
999
_c
566910
_d
566910